Gaming Quiz

Random Gaming Quiz

Leaders by Civ4 Photo Quiz Stats

 Plays Quiz Updated Jan 10, 2019

Also try: Civilization
Challenge
Share
Tweet
Score 0/30 Timer 05:00
4 Plays Today
# Leader % Correct
1George Washington
97.4%
30Abraham Lincoln
83.5%
3Mohandas Gandhi
79.9%
17Winston Churchill
79.2%
27Queen Elizabeth I
75.9%
13Mao Zedong
74.4%
25Joseph Stalin
73.3%
26Franklin D. Roosevelt
69.8%
8Queen Victoria
64.7%
29Julius Caesar
63.4%
15Louis XIV
60.2%
14Genghis Khan
59.7%
21Napoleon
56%
2Sitting Bull
51.2%
19Queen Isabella
46.2%
# Leader % Correct
28Alexander the Great
44.3%
4Otto von Bismarck
43%
11Charles de Gaulle
41.5%
6Montezuma
36.9%
24Ramesses II
36.3%
7Hannibal
35.1%
23Catherine the Great
30%
18Shaka
27.7%
9Charlemagne
26.8%
10Saladin
22.8%
12Justinian I
16.3%
20Willem van Oranje
14.1%
22Hammurabi
14.1%
5Mansa Musa
11.8%
16Hatshepsut
10.7%

You're not logged in!

Compare scores with friends on all Sporcle quizzes.
OR
Log In

You Might Also Like...

Show Comments

Extras

Top Quizzes Today


Score Distribution

Your Account Isn't Verified!

In order to create a playlist on Sporcle, you need to verify the email address you used during registration. Go to your Sporcle Settings to finish the process.

Report this User

Report this user for behavior that violates our Community Guidelines.

Details: